Best Japanese-Born MLB Players - Statistics

General Stats
  • This quiz has been taken 1,050 times
    341 since last reset
  • The average score is 5 of 8
Answer Stats
WAR Year Team Player % Correct
60.0 2001–2019 Mariners Ichiro Suzuki
97%
51.5 2018– Angels Shohei Ohtani
96%
21.2 2003–2012 Yankees Hideki Matsui
64%
33.2 2012– Rangers Yu Darvish
61%
20.9 1995–2008 Dodgers Hideo Nomo
52%
17.3 2014–2020 Yankees Masahiro Tanaka
50%
20.9 2008–2014 Yankees Hiroki Kuroda
21%
16.8 2012–2017 Mariners Hisashi Iwakuma
19%
No matching quizzes found
Score Distribution
Percent of People with Each Score
Percentile by Number Answered
Your Score History
You have not taken this quiz since the last reset